=LDR 00000nam 2200000 4500 =001 INLIS000000000017532 =005 20130612112737 =008 ***********************************Ind** =035 ##$$0010-061300000017532 =041 ##$$a Ind =082 ##$$a 530.02 =090 ##$$a 530.02, Sea f =100 ##$$a Sears, Francis Weston =245 ##$$a Fisika untuk universitas, mekanika panas dan bunyi, Francis Weeton Sears =260 ##$$a 1962 $b Jakarta =300 ##$$a ...jil, ilus, 22 cm =650 ##$$a Fisika aneka Ragam =850 ##$$a NBPNMAT